Негосударственное образование на рынке образовательных услуг: философско-экономический анализ проблемы; Известия Томского политехнического университета [Известия ТПУ]; Т. 309, № 6

Podrobná bibliografie
Parent link:Известия Томского политехнического университета [Известия ТПУ]/ Томский политехнический университет (ТПУ).— , 2000-
Т. 309, № 6.— 2006.— [С. 189-192]
Hlavní autor: Петрова Г. И.
Další autoři: Хаткевич С. П.
Shrnutí:Заглавие с титульного листа
Электронная версия печатной публикации
Рассматриваются основные направления современной философии делового мышления в образовании, которое формируется в условиях негосударственных образовательных учреждений. Обсуждается вопрос о возможности платной образовательной услуги как замещающей дар образования в рамках государственного стандарта.
Jazyk:ruština
Vydáno: 2006
Edice:Социально-экономические и гуманитарные науки
Témata:
On-line přístup:http://www.lib.tpu.ru/fulltext/v/Bulletin_TPU/2006/v309/i6/44.pdf
Médium: MixedMaterials Elektronický zdroj Kapitola
KOHA link:https://koha.lib.tpu.ru/cgi-bin/koha/opac-detail.pl?biblionumber=171679

MARC

LEADER 00000nla2a2200000 4500
001 171679
005 20231031164036.0
035 |a (RuTPU)RU\TPU\book\186138 
035 |a RU\TPU\book\186137 
090 |a 171679 
100 |a 20091207d2006 k y0rusy50 ca 
101 0 |a rus 
102 |a RU 
135 |a drnn ---uucaa 
181 0 |a i  
182 0 |a b 
200 1 |a Негосударственное образование на рынке образовательных услуг: философско-экономический анализ проблемы  |b Электронный ресурс  |f Г. И. Петрова, С. П. Хаткевич 
203 |a Текст  |c электронный 
215 |a 1 файл (99 Кб) 
225 1 |a Социально-экономические и гуманитарные науки 
230 |a Электронные текстовые данные (1 файл : 99 Кб) 
300 |a Заглавие с титульного листа 
300 |a Электронная версия печатной публикации 
320 |a [Библиогр.: с. 192 (9 назв.)] 
330 |a Рассматриваются основные направления современной философии делового мышления в образовании, которое формируется в условиях негосударственных образовательных учреждений. Обсуждается вопрос о возможности платной образовательной услуги как замещающей дар образования в рамках государственного стандарта. 
337 |a Adobe Reader 
461 1 |0 (RuTPU)RU\TPU\book\176237  |t Известия Томского политехнического университета [Известия ТПУ]  |f Томский политехнический университет (ТПУ)  |d 2000- 
463 1 |0 (RuTPU)RU\TPU\book\186033  |t Т. 309, № 6  |v [С. 189-192]  |d 2006  |p 256 с. 
610 1 |a негосударственное образование 
610 1 |a рынок образовательных услуг 
610 1 |a философско-экономический анализ 
610 1 |a философия 
610 1 |a деловое мышление 
610 1 |a образование 
610 1 |a негосударственные образовательные учреждения 
610 1 |a платные услуги 
610 1 |a государственные стандарты 
610 1 |a электронный ресурс 
700 1 |a Петрова  |b Г. И. 
701 1 |a Хаткевич  |b С. П. 
801 1 |a RU  |b 63413507  |c 20090623  |g PSBO 
801 2 |a RU  |b 63413507  |c 20211110  |g PSBO 
856 4 |u http://www.lib.tpu.ru/fulltext/v/Bulletin_TPU/2006/v309/i6/44.pdf 
942 |c CF